[Event "AUTO-INT-998"]
[Site "http://www.queenalice.com/game.php?id=446620"]
[Date "2008.8.10"]
[Round "1"]
[White "danilo_girino"]
[Black "marlonpro"]
[Result "1-0"]
[WhiteElo "1799"]
[BlackElo "1277"]

1. e4 e5 2. Bc4 d6 3. Nc3 c5 4. d3 Qa5 5. Bd2 Qb4 6. Rb1 h5 7. Nd5 Qa4 8. Nc7+
Kd7 9. Nxa8 Be7 10. Bxf7 Nf6 11. Bg5 Qa5+ 12. c3 Nc6 13. Bxf6 gxf6 14. Bxh5 Bf8
15. Bg4+ Kd8 16. Qf3 Rh6 17. Bxc8 Kxc8 18. Qf5+ Kd8 19. Qe6 b5 20. Qf7 Be7 21.
Ne2 b4 22. O-O a6 23. Ng3 Qxa2 24. Qxa2 a5 25. Nf5 Rh8 26. Nb6 Bf8 27. Qe6 Kc7
28. Nd5+ Kb7 29. Qd7+ Ka6 30. Qxc6+ Ka7 31. cxb4 axb4 32. Ra1+ Kb8 33. Qc7# 1-0

[Event "AUTO-INT-998"]
[Site "http://www.queenalice.com/game.php?id=446621"]
[Date "2008.8.10"]
[Round "1"]
[White "marlonpro"]
[Black "Zendrix"]
[Result "0-1"]
[WhiteElo "1272"]
[BlackElo "1640"]

1. e4 e5 2. Nf3 d5 3. d3 d4 4. Nxe5 Be6 5. f4 Bd6 6. Be2 Bxe5 7. fxe5 Nc6 8. Bf4
Nge7 9. Bg5 Nxe5 10. Bf4 N5c6 11. e5 h6 12. Bh5 O-O 13. O-O Nf5 14. Qf3 Bd5 15.
Qg4 Nh4 16. Bd2 Nxe5 17. Qxd4 Nc6 18. Qc3 Bxg2 19. Rf4 Bh3 20. Be1 Ng2 21. Rf3
Nxe1 22. Qxe1 Qg5+ 23. Kf2 Qg2+ 24. Ke3 Rfe8+ 25. Kf4 g5# 0-1

[Event "AUTO-INT-998"]
[Site "http://www.queenalice.com/game.php?id=446622"]
[Date "2008.8.10"]
[Round "1"]
[White "Zendrix"]
[Black "marlonpro"]
[Result "0-1"]
[WhiteElo "1520"]
[BlackElo "1212"]

1. e4 Nf6 2. Nc3 e5 3. Nf3 d6 4. h3 h5 5. Bc4 Be6 6. Bxe6 fxe6 7. O-O Nc6 8. d4
exd4 9. Nxd4 Nxd4 10. Qxd4 e5 11. Qe3 Qd7 12. a3 Be7 13. Qg5 Rh7 14. Qe3 c5 15.
Nd5 Nxd5 16. exd5 Bh4 17. Qe4 g5 18. Qg6+ Rf7 19. Qxh5 Qe7 20. g3 Bxg3 21. fxg3
O-O-O 22. Rxf7 Qe8 23. Bxg5 Rd7 24. Raf1 b5 25. Rf8 Re7 26. Rxe8+ Rxe8 0-1

[Event "Challenge"]
[Site "http://www.queenalice.com/game.php?id=462848"]
[Date "2008.9.14"]
[Round "-"]
[White "marlonpro"]
[Black "Jane"]
[Result "0-1"]
[WhiteElo "1261"]
[BlackElo "1625"]

1. d4 d5 2. Nc3 Nf6 3. f4 Ne4 4. h4 Ng3 5. Rh2 Nxf1 6. Kxf1 Nc6 7. e3 e6 8. g3
Bb4 9. Na4 O-O 10. c3 Ba5 11. Nc5 b6 12. Nb3 Ba6+ 13. Ne2 Bxe2+ 14. Qxe2 Ne7 15.
Qa6 Nf5 0-1

[Event "AUTO-OPEN-1268"]
[Site "http://www.queenalice.com/game.php?id=465187"]
[Date "2008.9.18"]
[Round "1"]
[White "Flare07"]
[Black "marlonpro"]
[Result "1-0"]
[WhiteElo "1429"]
[BlackElo "1304"]

1. e4 d5 2. exd5 Qxd5 3. Nc3 Qe6+ 4. Be2 b6 5. Nf3 Qg6 6. O-O h5 7. d4 c5 8.
Bb5+ Bd7 9. Ne5 Qf5 10. Be3 a6 11. Bxd7+ Nxd7 12. Nxd7 1-0

[Event "AUTO-OPEN-1268"]
[Site "http://www.queenalice.com/game.php?id=465188"]
[Date "2008.9.18"]
[Round "1"]
[White "marlonpro"]
[Black "Flare07"]
[Result "0-1"]
[WhiteElo "1304"]
[BlackElo "1411"]

1. e4 c5 2. Bc4 d6 3. c3 Nf6 4. d3 Nc6 5. Qf3 Bg4 6. Qf4 e5 7. Qg3 Qd7 8. f3 Bh5
9. Bb5 a6 10. Ba4 b5 11. Bb3 Bg6 12. h4 Be7 0-1

[Event "AUTO-OPEN-1268"]
[Site "http://www.queenalice.com/game.php?id=465215"]
[Date "2008.9.18"]
[Round "1"]
[White "marlonpro"]
[Black "HELDER"]
[Result "0-1"]
[WhiteElo "1222"]
[BlackElo "1589"]

1. e4 e5 2. d4 Nc6 3. d5 Na5 4. Bb5 Qh4 5. Qe2 Nf6 6. g3 Qxe4 7. Be3 Qxh1 8. f3
Nxd5 9. Bg5 Qxg1+ 10. Kd2 Qd4+ 11. Kc1 Ba3 12. c3 Nxc3 13. Qc2 Bxb2+ 14. Kxb2
Nxb5+ 0-1

[Event "AUTO-OPEN-1268"]
[Site "http://www.queenalice.com/game.php?id=465216"]
[Date "2008.9.18"]
[Round "1"]
[White "HELDER"]
[Black "marlonpro"]
[Result "1-0"]
[WhiteElo "1592"]
[BlackElo "1222"]

1. Nc3 d5 2. e4 d4 3. Nd5 e6 4. Nf4 g5 5. Nh5 e5 6. Qf3 Nh6 7. Bc4 Be6 8. Nf6+
Ke7 9. Nh5 Bxc4 10. Qf6+ Ke8 11. Qxe5+ Be7 12. Qxh8+ Bf8 13. d3 Ba6 14. Ng7+ 1-0

[Event "AUTO-OPEN-1268"]
[Site "http://www.queenalice.com/game.php?id=465217"]
[Date "2008.9.18"]
[Round "1"]
[White "marlonpro"]
[Black "jonathanodonnell"]
[Result "0-1"]
[WhiteElo "1220"]
[BlackElo "1932"]

1. e4 c6 2. Bc4 d5 3. exd5 cxd5 4. Bb5+ Bd7 5. Qe2 a6 6. Bd3 Nc6 7. Qf3 Nf6 8.
a4 Nb4 9. Be2 Nxc2+ 10. Kf1 Nxa1 11. Qc3 Rc8 0-1

[Event "AUTO-OPEN-1268"]
[Site "http://www.queenalice.com/game.php?id=465218"]
[Date "2008.9.18"]
[Round "1"]
[White "jonathanodonnell"]
[Black "marlonpro"]
[Result "1-0"]
[WhiteElo "1930"]
[BlackElo "1222"]

1. e4 Nf6 2. e5 Nd5 3. d4 d6 4. c4 Nb4 5. a3 N4a6 6. Nf3 Be6 7. Nc3 Nc6 8. d5
Bxd5 9. cxd5 Na5 10. b4 Nc4 11. Bxc4 Qd7 12. Bb5 1-0

[Event "AUTO-INT-1041"]
[Site "http://www.queenalice.com/game.php?id=465269"]
[Date "2008.9.18"]
[Round "1"]
[White "montelo"]
[Black "marlonpro"]
[Result "1-0"]
[WhiteElo "1625"]
[BlackElo "1257"]

1. e4 e5 2. Qh5 d6 3. Bc4 g6 4. Qf3 Be6 5. Qb3 Na6 6. Bxe6 Nc5 7. Bxf7+ Kd7 8.
Qc4 Nf6 9. f3 a5 10. d4 exd4 11. Qxd4 Qe7 12. Bg5 Bg7 13. Bxf6 Bxf6 14. Qd5 c6
15. Qc4 b5 16. Be6+ Nxe6 17. Qb3 1-0

[Event "AUTO-INT-1041"]
[Site "http://www.queenalice.com/game.php?id=465270"]
[Date "2008.9.18"]
[Round "1"]
[White "marlonpro"]
[Black "montelo"]
[Result "0-1"]
[WhiteElo "1259"]
[BlackElo "1623"]

1. e4 e5 2. d4 d6 3. d5 Qh4 4. Qe2 Na6 5. Qb5+ Kd8 6. Nc3 Bd7 7. Qxb7 Rb8 8.
Qxa6 Nf6 9. Qxa7 Nxe4 10. g3 Nxg3 11. fxg3 Qb4 12. a3 Qb6 13. Nb5 Bxb5 14. Bxb5
Qxb5 15. a4 Qb4+ 16. c3 Qe4+ 0-1

[Event "AUTO-INT-1041"]
[Site "http://www.queenalice.com/game.php?id=465275"]
[Date "2008.9.18"]
[Round "1"]
[White "Kuroi"]
[Black "marlonpro"]
[Result "1-0"]
[WhiteElo "1556"]
[BlackElo "1289"]

1. e4 d5 2. d4 dxe4 3. Nc3 Bf5 4. Bf4 Nd7 5. Nb5 c6 6. Nc7+ Qxc7 7. Bxc7 e6 8.
c3 b5 9. c4 b4 10. b3 a5 11. d5 exd5 12. cxd5 c5 13. Bb5 Ne7 14. d6 Nd5 15. Qxd5
Rc8 16. Qb7 Be7 17. Qxc8+ 1-0

[Event "AUTO-INT-1041"]
[Site "http://www.queenalice.com/game.php?id=465276"]
[Date "2008.9.18"]
[Round "1"]
[White "marlonpro"]
[Black "Kuroi"]
[Result "0-1"]
[WhiteElo "1295"]
[BlackElo "1550"]

1. Nf3 d5 2. Nd4 e5 3. Nb3 Nf6 4. d4 e4 5. h4 Ng4 6. e3 Qf6 7. Qe2 Nc6 8. Na5
Bb4+ 9. c3 Bxa5 10. b4 Nxb4 11. cxb4 Bxb4+ 12. Bd2 Bxd2+ 13. Nxd2 Nxf2 14. Rh2
Bg4 15. Qb5+ Bd7 16. Qxb7 O-O 0-1

[Event "AUTO-BEG-250"]
[Site "http://www.queenalice.com/game.php?id=466084"]
[Date "2008.9.20"]
[Round "1"]
[White "GameOver"]
[Black "marlonpro"]
[Result "1-0"]
[WhiteElo "1595"]
[BlackElo "1304"]

1. d4 Nc6 2. c4 Nb4 3. a3 Na6 4. Nf3 e6 5. e3 f5 6. Bd3 d5 7. cxd5 exd5 8. O-O
g5 9. Qc2 c6 10. Nc3 Bg7 11. Bxf5 Bxf5 12. Qxf5 1-0

[Event "AUTO-BEG-250"]
[Site "http://www.queenalice.com/game.php?id=466085"]
[Date "2008.9.20"]
[Round "1"]
[White "marlonpro"]
[Black "GameOver"]
[Result "0-1"]
[WhiteElo "1304"]
[BlackElo "1584"]

1. e4 e6 2. d4 d5 3. e5 c5 4. c3 Qb6 5. a4 a6 6. a5 Qa7 7. b4 cxb4 8. Bb2 bxc3
9. Nxc3 Bb4 10. Ne2 Bd7 11. Qb3 Nc6 12. g3 Nge7 0-1

[Event "AUTO-BEG-250"]
[Site "http://www.queenalice.com/game.php?id=466092"]
[Date "2008.9.20"]
[Round "1"]
[White "epires"]
[Black "marlonpro"]
[Result "1-0"]
[WhiteElo "1372"]
[BlackElo "1318"]

1. d4 Nc6 2. Be3 Na5 3. Qd2 b6 4. g3 d5 5. Bh3 e6 6. b4 Nc6 7. Nc3 Nxb4 8. a3
Nc6 9. Nf3 f5 10. Bg5 Be7 11. a4 b5 12. axb5 1-0

[Event "AUTO-BEG-250"]
[Site "http://www.queenalice.com/game.php?id=466093"]
[Date "2008.9.20"]
[Round "1"]
[White "marlonpro"]
[Black "epires"]
[Result "0-1"]
[WhiteElo "1242"]
[BlackElo "1386"]

1. e4 Nc6 2. d4 Nf6 3. e5 Ne4 4. f3 Nf2 5. Kxf2 e6 6. Bb5 f6 7. exf6 gxf6 8. f4
a6 9. Ba4 f5 10. c3 b5 11. Bb3 Rg8 12. g3 Bb7 13. Nh3 Qf6 0-1